000 01344cas a2200361 i 4500
001 19025358
005 20241003103827.0
008 100324c2013 enkzr p 0 0eng c
010 _a 2012268502
022 0 _a0267-257X
_21
040 _aOCLCS
_beng
_epn
_cCSPC
050 0 0 _aHF5415.13
082 1 4 _a658
_212
222 0 _aJournal of marketing management
_b(Online)
245 1 0 _aJournal of marketing management.
260 _aHelensburgh, Scotland :
_bWestburn Publishers
260 3 _3<2014-> :
_aAbingdon, UK :
_bTaylor & Francis
300 _avolumes :
_billustrations ;
_c25 cm
310 _anine times a year,
_b20113-
336 _atext
_btxt
_2rdacontent
337 _acomputer
_bc
_2rdamedia
338 _aonline resource
_bcr
_2rdacarrier
490 _3Printed Journal Collection
500 _aIncludes bibliographical references.
521 _a COLLEGE OF TOURISM, HOSPITALITY AND BUSINESS MANAGEMENT (CTHBM)
650 0 _aMarketing
_xManagement
_vPeriodicals.
650 7 _aMarketing
_xManagement.
_2fast
_0(OCoLC)fst01010209
655 7 _aPeriodicals.
_2fast
_0(OCoLC)fst01411641
710 2 _aAcademy of Marketing.
776 0 8 _iPrint version:
_tMM. Journal of marketing management
_x0267-257X
_w(DLC)sn 86036241
_w(OCoLC)13616717
942 _2ddc
_cSERIALS
_n0
999 _c28271
_d28271